| 000 | 00877nam a2200265 i 4500 | ||
|---|---|---|---|
| 003 | DO-SdBNP | ||
| 005 | 20250402084059.0 | ||
| 007 | ta | ||
| 008 | 250402b2024 dr ||||| |||| 00| 0 spa d | ||
| 020 | _a9789945654622 | ||
| 040 |
_aDO-SdBNP _bspa _cBNPHU |
||
| 082 | 4 |
_axxx _bG643s _222 |
|
| 100 | 1 |
_aGonzález, Elohin José, _eautor _4aut. _987122 |
|
| 245 | 1 | 0 |
_aSed un líder auténtico / _cElohin José González ; prólogo, Joel Ant. Ruiz |
| 264 | 1 |
_aSanto Domingo : _bEditorial Santuario, _c2024. |
|
| 300 |
_a76 páginas : _c23cm. |
||
| 336 |
_atexto _btxt _2rdacontent |
||
| 337 |
_asin mediación _bn _2rdamedia |
||
| 338 |
_avolumen _bnc _2rdacarrier |
||
| 500 | _aIncluye datos biográficos del autor en la solapa de la cubierta | ||
| 590 | _aInventariado, 2025/BT | ||
| 700 |
_aRuiz, Joel Ant., _eprologuista _4pr. _987297 |
||
| 910 | _aBtavárez | ||
| 942 |
_2ddc _cLBS1 |
||
| 999 |
_c58321 _d58321 |
||